00620nam a2200169 a 450000100100000000500170001000800410002704000250006808200190009310000330011224500590014526000520020430000210025650000730027765000520035065000480040200001817120200929165402.0100419s1955 dr 000 0 spa d aDO-SdBNPbspacBNPHU aRD860.9bM433e1 aMatos, Esthervinad1913-199910aEstudios de literatura dominicana /cEsthervina Matos. aCiudad Trujillo, República Dominicana,c1955. a387 p. ;c24 cm. aIncluye referencias bibliográficas y notas al pie de las páginas 4aPoesía dominicanaxHistoria y críticay1944 4aLiteratura dominicanaxHistoria y crítica